Plus grandes villes de France par 2 premières lettres - Médium - Statistiques

Statistiques générales
  • Ce quiz a été pris 15 fois
    10 depuis la dernière actualisation
  • Le résultat moyen est 64 sur 139
Statistiques - réponses
Ville Département Hab. % Correct
A AJ Ajaccio Corse-du-Sud 76 000
100%
A AM Amiens Somme 136 000
100%
B BE Besançon Doubs 119 000
100%
B BI Biarritz Pyrénées-Atlantiques 26 000
100%
A AB Abbeville Somme 22 000
89%
A AG Agen Lot-et-Garonne 33 000
89%
A AI Aix-en-Provence Bouches-du-Rhone 150 000
89%
A AL Albi Tarn 51 000
89%
A AN Angers Maine-et-Loire 159 000
89%
A AV Avignon Vaucluse 92 000
89%
B BA Bayonne Pyrénées-Atlantiques 54 000
89%
B BL Blois Loir-et-Cher 47 000
89%
B BO Bordeaux Gironde 268 000
89%
B BR Brest Finistère 142 000
89%
A AU Aubervilliers Seine-Saint-Denis 88 000
78%
C CA Caen Calvados 109 000
78%
C CH Cherbourg-en-Cotentin Manche 78 000
78%
D DI Dijon Côte-d'Or 162 000
78%
D DU Dunkerque Nord 86 000
78%
G GR Grenoble Isère 156 000
78%
H HY Hyères Var 56 000
78%
L LI Lille Nord 238 000
78%
L LY Lyon Métropole de Lyon 519 000
78%
M MA Marseille Bouches-du-Rhône 886 000
78%
M ME Metz Moselle 123 000
78%
M MO Montpellier Hérault 310 000
78%
M MU Mulhouse Haut-Rhin 105 000
78%
N NA Nantes Loire-Atlantique 328 000
78%
N NI Nice Alpes-Maritimes 358 000
78%
P PA Paris Paris 2 104 000
78%
P QU Quimper Finistère 64 000
78%
V VA Valence Drôme 64 000
78%
A AR Argenteuil Val-d'Oise 106 000
67%
A AS Asnières-sur-Seine Hauts-de-Seine 94 000
67%
A AT Athis-Mons Essonne 37 000
67%
C CL Clermont-Ferrand Puy-de-Dôme 146 000
67%
C CR Créteil Val-de-Marne 93 000
67%
F FO Fort-de-France Martinique 76 000
67%
L LA La Rochelle Charente-Maritime 80 000
67%
L LE Le Havre Seine-Maritime 167 000
67%
L LO Lorient Morbihan 58 000
67%
O OR Orléans Loiret 116 000
67%
P PE Perpignan Pyrénées-Orientales 122 000
67%
P PO Poitiers Vienne 90 000
67%
P PU Puteaux Hauts-de-Seine 44 000
67%
R RE Rennes Ille-et-Vilaine 231 000
67%
R RO Rouen Seine-Maritime 118 000
67%
S SA Saint-Étienne Loire 173 000
67%
S SU Suresnes Hauts-de-Seine 49 000
67%
T TO Toulouse Haute-Garonne 515 000
67%
T TR Troyes Aube 62 000
67%
T TU Tulle Corrèze 13 000
67%
D DO Douai Nord 40 000
56%
F FE Fécamp Seine-Maritime 18 000
56%
H HA Haguenau Bas-Rhin 37 000
56%
O OY Oyonnax Ain 22 000
56%
R RA Rambouillet Yvelines 28 000
56%
S SC Schiltigheim Bas-Rhin 35 000
56%
S SI Six-Fours-les-Plages Var 37 000
56%
S ST Strasbourg Bas-Rhin 294 000
56%
T TH Thionville Moselle 43 000
56%
V VI Villeurbanne Métropole de Lyon 164 000
56%
C CE Cergy Val-d'Oise 71 000
44%
C CO Colombes Hauts-de-Seine 91 000
44%
D DE Décines-Charpieu Métropole de Lyon 30 000
44%
D DR Drancy Seine-Saint-Denis 72 000
44%
E EC Echirolles Isère 37 000
44%
E ET Etampes Essonne 27 000
44%
E EV Evry-Courcouronnes Essonne 67 000
44%
F FR Fréjus Var 60 000
44%
G GE Gennevilliers Hauts-de-Seine 51 000
44%
I IL Illkirch-Graffenstaden Bas-Rhin 28 000
44%
I IV Ivry-sur-Seine Val-de-Marne 65 000
44%
J JO Joué-les-Tours Indre-et-Loire 38 000
44%
L LH L'Haÿ-les-Roses Val de Marne 31 000
44%
O OB Obernai Bas-Rhin 13 000
44%
O OU Oullins-Pierre-Bénite Métropole de Lyon 38 000
44%
R RU Rueil-Malmaison Hauts-de-Seine 83 000
44%
V VE Versailles Yvelines 84 000
44%
W WA Wattrelos Nord 41 000
44%
A AC Achères Yvelines 22 000
33%
E EL Élancourt Yvelines 26 000
33%
F FA Faaa Polynésie française 30 000
33%
I IS Issy-les-Moulineaux Hauts-de-Seine 68 000
33%
J JU Juvisy-sur-Orge Essonne 19 000
33%
L LU Lunel Hérault 27 000
33%
M MI Miramas Bouches-du-Rhône 26 000
33%
N NE Neuilly-sur-Seine Hauts-de-Seine 60 000
33%
P PL Plaisir Yvelines 32 000
33%
R RI Rillieux-la-Pape Métropole de Lyon 31 000
33%
S SE Sevran Seine-Saint-Denis 53 000
33%
S SO Sotteville-lès-Rouen Seine-Maritime 29 000
33%
T TA Talence Gironde 46 000
33%
Y YV Yvetot Seine-Maritime 11 000
33%
Y YZ Yzeure Allier 13 000
33%
D DZ Dzaoudzi Mayotte 18 000
22%
E EN Enghien-les-Bains Val-d'Oise 11 000
22%
E EP Epinay-sur-Seine Seine-Saint-Denis 53 000
22%
E EY Eysines Gironde 25 000
22%
F FI Firminy Loire 17 000
22%
G GO Goussainville Val-d'Oise 31 000
22%
G GU Guyancourt Yvelines 30 000
22%
K KO Koungou Mayotte 32 000
22%
N NO Noisy-le-Grand Seine-Saint-Denis 73 000
22%
O OL Olivet Loiret 24 000
22%
O OZ Ozoir-la-Ferrière Seine-et-Marne 21 000
22%
P PR Provins Seine-et-Marne 12 000
22%
V VO Voiron Isère 22 000
22%
Y YE Yerres Essonne 28 000
22%
D DA Dammarie-les-Lys Seine-et-Marne 24 000
11%
E EA Eaubonne Val d'Oise 26 000
11%
E ER Ermont Val-d'Oise 29 000
11%
F FL Fleury-les-Aubrais Loiret 22 000
11%
G GA Gagny Seine-Saint-Denis 42 000
11%
H HO Houilles Yvelines 34 000
11%
I IF Ifs Calvados 12 000
11%
J JE Jeumont Nord 10 000
11%
K KI Kingersheim Haut-Rhin 13 000
11%
O OI Oissel-sur-Seine Seine-Maritime 12 000
11%
P PF Pfastatt Haut-Rhin 10 000
11%
T TI Tinqueux Marne 11 000
11%
U UR Urrugne Pyrénées-Atlantiques 11 000
11%
W WO Woippy Moselle 15 000
11%
Y YU Yutz Moselle 17 000
11%
A AP Apatou Guyane 10 000
0%
A AY Aytré Charente-Maritime 10 000
0%
B BU Buxerolles Vienne 10 000
0%
C CU Cugnaux Haute-Garonne 21 000
0%
E EZ Ézanville Val-d'Oise 10 000
0%
F FU Fuveau Bouches-du-Rhöne 10 000
0%
G GI Gif-sur-Yvette Essonne 23 000
0%
H HE Herblay-sur-Seine Val-d'Oise 32 000
0%
I IG Igny Essonne 11 000
0%
O ON Onet-le-Château Aveyron 12 000
0%
O OS Osny Val-d'Oise 18 000
0%
P PI Pirae Polynésie française 14 000
0%
T TE Tergnier Aisne 13 000
0%
T TS Tsingoni Mayotte 14 000
0%
W WI Wittenheim Haut-Rhin 16 000
0%
Aucun quiz correspondant
Distribution des résultats
% des personnes avec chaque résultat
Percentile par nombre de réponses
Votre historique - résultats
Vous n’avez pas pris ce quiz depuis la dernière actualisation